Statistics for Olympic Football Champions (Men)

Click here to take the quiz!

General Stats

  • This quiz has been taken 1,632 times
    (689 since last reset)
  • The average score is 19 of 26

Answer Stats

HintAnswer% Correct
2016Brazil
99%
2004Argentina
92%
2008Argentina
92%
1908Great Britain
91%
1912Great Britain
91%
1900Upton Park F.C. (Great Britain)
91%
1984France
90%
1992Spain
90%
1936Italy
87%
2012Mexico
80%
1928Uruguay
75%
1924Uruguay
75%
1956Soviet Union
72%
1988Soviet Union
72%
1948Sweden
69%
1920Belgium
68%
1968Hungary
67%
1964Hungary
67%
1952Hungary
67%
1996Nigeria
64%
1960Yugoslavia
64%
1972Poland
61%
1904Galt (Canada)
54%
1980Czechoslovakia
53%
2000Cameroon
48%
1976East Germany
46%

Score Distribution

Percentile by Number Answered

Percent of People with Each Score

Your Score History

You have not taken this quiz since the last reset